000 00298nam a22001217a 4500
008 211127b ||||| |||| 00| 0 eng d
020 _a9789381345030
050 _a791
_b1
245 _aVoices Of The Talking Stars
260 _aNew Delhi
_bSAGE Publications
_c2017
300 _a1
942 _2ddc
_cBK
999 _c11921
_d11921